[Event "UK vs China Match"]
[Site "Liverpool ENG"]
[Date "2007.09.09"]
[EventDate "2007.09.04"]
[Round "6"]
[Result "1/2-1/2"]
[White "Shen Yang"]
[Black "Jovanka Houska"]
[WhiteElo "2439"]
[BlackElo "2401"]
[PlyCount "62"]

1. e4 c6 2. d4 d5 3. e5 Bf5 4. Nf3 e6 5. Be2 Nd7 6. O-O Ne7
7. c3 Ng6 8. Na3 Bxa3 9. bxa3 O-O 10. Qb3 b5 11. a4 a6
12. axb5 axb5 13. a4 Qb6 14. Ne1 Ne7 15. Qb4 Nc8 16. a5 Qd8
17. Ra3 Nb8 18. Bd3 Bg6 19. Bxg6 fxg6 20. Nd3 Rf7 21. Be3 Rfa7
22. Rfa1 Qf8 23. h4 Nb6 24. Bg5 Nc4 25. R3a2 h6 26. Bc1 Qf5
27. Nf4 Na6 28. Qb3 Nc7 29. Qb4 Na6 30. Qb3 Nb8 31. Qb4 Na6
1/2-1/2

[Event "Asian Individual Championship"]
[Site "Cebu City PHI"]
[Date "2007.09.19"]
[EventDate "2007.09.19"]
[Round "1.9"]
[Result "1/2-1/2"]
[White "Shen Yang"]
[Black "Mohamad Al-Modiahki"]
[WhiteElo "2468"]
[BlackElo "2579"]
[PlyCount "74"]

1. d4 Nf6 2. Nf3 g6 3. c4 Bg7 4. Nc3 O-O 5. e4 d6 6. Be2 e5
7. O-O Nc6 8. d5 Ne7 9. Nd2 a5 10. a3 Bd7 11. b3 c6 12. Bb2
Bh6 13. dxc6 Bxc6 14. Bd3 Nh5 15. Nd5 f5 16. exf5 Nxf5 17. g3
Bxd5 18. cxd5 Nh4 19. Ne4 Qd7 20. gxh4 Qh3 21. Ng5 Qxh4
22. Ne6 Bf4 23. Nxf4 Nxf4 24. Kh1 Nh3 25. f3 Nf2+ 26. Rxf2
Qxf2 27. Be2 Rac8 28. Qd3 Rf5 29. Rf1 Qh4 30. Qd2 Rcf8 31. Rg1
Rxf3 32. Bxf3 Rxf3 33. Qc2 Rf2 34. Qc8+ Kg7 35. Qd7+ Kg8
36. Qe8+ Kg7 37. Qd7+ Kg8 1/2-1/2

[Event "Asian Individual Championship"]
[Site "Cebu City PHI"]
[Date "2007.09.20"]
[EventDate "2007.09.19"]
[Round "2.16"]
[Result "1/2-1/2"]
[White "Xu Jun"]
[Black "Shen Yang"]
[WhiteElo "2655"]
[BlackElo "2468"]
[PlyCount "59"]

1. c4 Nf6 2. Nc3 e5 3. Nf3 Nc6 4. a3 d5 5. cxd5 Nxd5 6. Qc2
Be6 7. e3 g6 8. Ne4 Bg7 9. b4 O-O 10. Bb2 Re8 11. d3 a6
12. Be2 h6 13. O-O f5 14. Nc5 Bc8 15. Nd2 Kh7 16. Bf3 b6
17. Ncb3 Bb7 18. e4 Nde7 19. exf5 gxf5 20. Rae1 Rb8 21. Nc4
Ng6 22. Ne3 Qd7 23. Rc1 Nd8 24. Qxc7 Qxc7 25. Rxc7 Bxf3
26. Nxf5 Ne6 27. Nxg7 Nxc7 28. Nxe8 Rxe8 29. gxf3 Rf8 30. Re1
1/2-1/2

[Event "Asian Individual Championship"]
[Site "Cebu City PHI"]
[Date "2007.09.21"]
[EventDate "2007.09.19"]
[Round "3.17"]
[Result "1-0"]
[White "Shen Yang"]
[Black "Li Shilong"]
[WhiteElo "2439"]
[BlackElo "2550"]
[PlyCount "89"]

1. d4 Nf6 2. Nf3 g6 3. c4 Bg7 4. Nc3 O-O 5. e4 d6 6. Be2 e5
7. O-O Nbd7 8. Be3 c6 9. d5 c5 10. Ne1 Ne8 11. g4 f5 12. gxf5
gxf5 13. exf5 Nb6 14. Nf3 Bxf5 15. Ng5 Nf6 16. Kh1 Qe7 17. Rg1
Kh8 18. Rg3 e4 19. Qd2 Nfd7 20. Rag1 Be5 21. R3g2 Nf6 22. Ne6
Rf7 23. Bh6 Ng8 24. Bg5 Nf6 25. Bh5 Bh3 26. Bxf7 Bxg2+
27. Rxg2 Qxf7 28. Bxf6+ Qxf6 29. Nxe4 Qf5 30. Qd3 h6 31. f4
Bf6 32. Qc2 Nd7 33. Nxd6 Qxc2 34. Rxc2 b6 35. Kg2 Rg8+ 36. Kf3
Rg1 37. Ke4 Kg8 38. Kf5 Bh8 39. Re2 Nf6 40. Nc8 Ne8 41. Rd2
Nf6 42. Nxa7 Kf7 43. Nc6 Nd7 44. Re2 Bf6 45. Ne5+ 1-0

[Event "Asian Individual Championship"]
[Site "Cebu City PHI"]
[Date "2007.09.22"]
[EventDate "2007.09.19"]
[Round "4.10"]
[Result "1/2-1/2"]
[White "Shen Yang"]
[Black "Parimarjan Negi"]
[WhiteElo "2439"]
[BlackElo "2529"]
[PlyCount "68"]

1. d4 d5 2. c4 e6 3. Nf3 Nf6 4. Nc3 Be7 5. Bg5 h6 6. Bh4 O-O
7. e3 b6 8. Rc1 Bb7 9. Bxf6 Bxf6 10. cxd5 exd5 11. b4 c6
12. Be2 Nd7 13. O-O Re8 14. Qb3 Nf8 15. Rfd1 Ne6 16. a4 Qd6
17. b5 c5 18. dxc5 Nxc5 19. Qa2 Red8 20. Nd4 Rac8 21. Bf3 Bxd4
22. Rxd4 Ne6 23. Rdd1 Rc5 24. h4 Qe7 25. a5 d4 26. Bxb7 Qxb7
27. exd4 Rxd4 28. Rxd4 Nxd4 29. Qd2 Qd7 30. Rd1 Rxc3 31. Qxd4
Qxd4 32. Rxd4 bxa5 33. Ra4 Rc5 34. Rxa5 a6 1/2-1/2

[Event "Asian Individual Championship"]
[Site "Cebu City PHI"]
[Date "2007.09.23"]
[EventDate "2007.09.19"]
[Round "5.13"]
[Result "1/2-1/2"]
[White "Thien Hai Dao"]
[Black "Shen Yang"]
[WhiteElo "2537"]
[BlackElo "2439"]
[PlyCount "98"]

1. d4 d5 2. c4 c6 3. Nf3 Nf6 4. Nc3 dxc4 5. a4 Bf5 6. e3 e6
7. Bxc4 Bb4 8. O-O O-O 9. Qe2 Nbd7 10. Rd1 Bg6 11. Ne5 Nxe5
12. dxe5 Nd7 13. f4 Qe7 14. Na2 Nb6 15. b3 Nxc4 16. Qxc4 Rfd8
17. Bb2 Bc5 18. Bd4 Bxd4 19. exd4 a5 20. Rac1 Qh4 21. Rf1 Rd7
22. Rcd1 Qe7 23. Rd2 h5 24. Nc3 Rad8 25. Ne2 h4 26. Rc1 Bh5
27. Kf2 Bxe2 28. Kxe2 Rd5 29. Qc3 f6 30. Rcd1 Rf8 31. Qe3 Qb4
32. g3 Qe7 33. Re1 Rfd8 34. Red1 Qf7 35. Qf3 Qg6 36. Rd3 Qh6
37. R1d2 hxg3 38. hxg3 Qh2+ 39. Kf1 Qh3+ 40. Kg1 Qf5 41. exf6
Qxf6 42. Qe4 Kf7 43. Kf2 Rh8 44. Ke2 Qh6 45. Kd1 Qh5+ 46. Kc2
Qg4 47. Re3 Rh3 48. Rde2 Rh6 49. Kc3 Ke7 1/2-1/2

[Event "Asian Individual Championship"]
[Site "Cebu City PHI"]
[Date "2007.09.24"]
[EventDate "2007.09.19"]
[Round "6.15"]
[Result "1/2-1/2"]
[White "Li Chao"]
[Black "Shen Yang"]
[WhiteElo "2529"]
[BlackElo "2439"]
[PlyCount "41"]

1. e4 e5 2. Nf3 Nc6 3. Bc4 Bc5 4. b4 Bxb4 5. c3 Be7 6. d4 Na5
7. Be2 exd4 8. Qxd4 d6 9. Qxg7 Bf6 10. Qg3 Ne7 11. Qf4 Nec6
12. O-O Rg8 13. Qh6 Bg4 14. h3 Be6 15. Be3 Nc4 16. Nd4 Nxe3
17. Nxe6 Rxg2+ 18. Kh1 Rh2+ 19. Kg1 Rg2+ 20. Kh1 Rh2+ 21. Kg1
1/2-1/2

[Event "Asian Individual Championship"]
[Site "Cebu City PHI"]
[Date "2007.09.25"]
[EventDate "2007.09.19"]
[Round "7.15"]
[Result "1-0"]
[White "Shen Yang"]
[Black "Mark Paragua"]
[WhiteElo "2439"]
[BlackElo "2525"]
[PlyCount "61"]

1. d4 Nf6 2. Nf3 e6 3. c4 b6 4. g3 Ba6 5. b3 Bb4+ 6. Bd2 Be7
7. Bg2 c6 8. Bc3 d5 9. Ne5 Nfd7 10. Nxd7 Nxd7 11. Nd2 O-O
12. O-O Rc8 13. e4 b5 14. Re1 dxc4 15. bxc4 Nb6 16. cxb5 cxb5
17. Rc1 Ba3 18. Rc2 Na4 19. Ba1 Rxc2 20. Qxc2 Qa5 21. d5 e5
22. Bxe5 Rc8 23. Qd1 Rc1 24. Qe2 Rxe1+ 25. Qxe1 Bb4 26. Qc1
Nc5 27. Nb3 Nxb3 28. axb3 Qb6 29. Bc7 Qg6 30. Qe3 Bc8 31. Qxa7
1-0

[Event "Asian Individual Championship"]
[Site "Cebu City PHI"]
[Date "2007.09.27"]
[EventDate "2007.09.19"]
[Round "9.11"]
[Result "0-1"]
[White "Shen Yang"]
[Black "Surya Shekhar Ganguly"]
[WhiteElo "2439"]
[BlackElo "2586"]
[PlyCount "74"]

1. d4 Nf6 2. c4 c5 3. d5 e6 4. Nc3 exd5 5. cxd5 Bd6 6. Nf3 Bc7
7. g3 d6 8. Bg2 O-O 9. O-O a6 10. a4 Re8 11. b3 Nbd7 12. Bb2
Rb8 13. Nd2 b5 14. axb5 axb5 15. e4 Ne5 16. Qc2 Bd7 17. Nd1
Bb6 18. f4 Nd3 19. Bc3 Bg4 20. h3 Be2 21. Kh2 Bxf1 22. Nxf1 c4
23. bxc4 bxc4 24. Bxf6 Qxf6 25. Ra4 Qd4 26. Nfe3 Rec8 27. Rxc4
Rxc4 28. Qxc4 Bc5 29. Qxd4 Bxd4 30. Nc4 Ne1 31. e5 dxe5
32. fxe5 Rb1 33. Nde3 Bxe3 34. Nxe3 Rb2 35. d6 Kf8 36. Kh1
Nxg2 37. Nxg2 Re2 0-1

[Event "Asian Individual Championship"]
[Site "Cebu City PHI"]
[Date "2007.09.28"]
[EventDate "2007.09.19"]
[Round "10"]
[Result "1-0"]
[White "Wesley So"]
[Black "Shen Yang"]
[WhiteElo "2516"]
[BlackElo "2439"]
[PlyCount "65"]

1. e4 e5 2. Bc4 Nf6 3. d3 Nc6 4. Nc3 Bb4 5. Nge2 d5 6. exd5
Nxd5 7. O-O Nb6 8. Bb3 Na5 9. f4 Nxb3 10. axb3 exf4 11. Nxf4
O-O 12. Qf3 c6 13. Nh5 Bc5+ 14. Kh1 Qh4 15. h3 Be6 16. Bf4 Nd7
17. Bg3 Qd8 18. Rae1 g6 19. Nf4 Bf5 20. Bh2 Nb6 21. Nh5 Nd7
22. Ng3 Be6 23. Nge4 Bd4 24. Bd6 Re8 25. Bf4 Nc5 26. Bg5 Qc7
27. Nxc5 Bxc5 28. Ne4 Bf8 29. Nf6+ Kh8 30. Re4 Red8 31. Rh4 h6
32. Bxh6 Bxh6 33. Qe3 1-0

[Event "Asian Individual Championship"]
[Site "Cebu City PHI"]
[Date "2007.09.29"]
[EventDate "2007.09.19"]
[Round "11.28"]
[Result "0-1"]
[White "Shen Yang"]
[Black "Ronald Bancod"]
[WhiteElo "2439"]
[BlackElo "2373"]
[PlyCount "82"]

1. e4 e5 2. Nf3 Nc6 3. Bb5 Nf6 4. d3 Bc5 5. c3 d6 6. d4 exd4
7. cxd4 Bb4+ 8. Kf1 d5 9. e5 Ne4 10. Qa4 a5 11. Bxc6+ bxc6
12. Qxc6+ Qd7 13. Qxd7+ Bxd7 14. Ke2 O-O 15. Nbd2 f6 16. a3
Bb5+ 17. Ke3 f5 18. g3 g5 19. Nxg5 Bxd2+ 20. Bxd2 Nxg5
21. Rhc1 Ne6 22. f4 a4 23. Bb4 Rf7 24. Rc3 h5 25. Rg1 Kh7
26. Rc2 Rg8 27. Rcg2 Rfg7 28. h3 Bc4 29. g4 hxg4 30. hxg4 Rxg4
31. Rxg4 Rxg4 32. Rxg4 fxg4 33. f5 Ng7 34. Kf4 g3 35. Be1 g2
36. Bf2 Bd3 37. f6 Ne6+ 38. Kg4 Kg6 39. Be3 Be4 40. Bg1 c5
41. dxc5 d4 0-1

[Event "Gibraltar Chess Festival"]
[Site "Gibraltar ENG"]
[Date "2008.01.22"]
[EventDate "2008.01.22"]
[Round "1"]
[Result "0-1"]
[White "Alan J Walton"]
[Black "Shen Yang"]
[WhiteElo "2207"]
[BlackElo "2429"]
[PlyCount "64"]

1. d4 d5 2. Nf3 Nf6 3. Bf4 c5 4. c3 Nc6 5. e3 e6 6. Nbd2 Nh5
7. Bg5 Qb6 8. Rb1 h6 9. Bh4 g5 10. Ne5 Nxe5 11. Qxh5 Ng6
12. Bg3 cxd4 13. exd4 e5 14. Qe2 e4 15. f3 f5 16. fxe4 fxe4
17. Qb5+ Qc6 18. Be2 Nf4 19. Bxf4 gxf4 20. Nxe4 Bf5 21. Nf6+
Kf7 22. Qxd5+ Qxd5 23. Nxd5 Bxb1 24. O-O Bg6 25. Nxf4 Bd6
26. Bc4+ Kg7 27. Ne6+ Kh7 28. h4 Rhe8 29. h5 Bxh5 30. Bd3+ Bg6
31. Rf7+ Kh8 32. Bxg6 Rxe6 0-1

[Event "Gibraltar Chess Festival"]
[Site "Gibraltar ENG"]
[Date "2008.01.23"]
[EventDate "2008.01.22"]
[Round "2"]
[Result "1/2-1/2"]
[White "Shen Yang"]
[Black "Mark Hebden"]
[WhiteElo "2429"]
[BlackElo "2530"]
[PlyCount "95"]

1. e4 e5 2. Nf3 Nc6 3. Bb5 a6 4. Ba4 Nf6 5. O-O Be7 6. Re1 b5
7. Bb3 O-O 8. c3 d5 9. exd5 Nxd5 10. Nxe5 Nxe5 11. Rxe5 c6
12. d4 Bd6 13. Re1 Qh4 14. g3 Qh3 15. Be3 Bg4 16. Qd3 Rae8
17. Nd2 f5 18. Qf1 Qh5 19. f4 Kh8 20. Bxd5 cxd5 21. a4 bxa4
22. Rxa4 g5 23. Raa1 Re6 24. Qf2 Rfe8 25. fxg5 h6 26. gxh6 Bh3
27. Nf3 f4 28. Bxf4 Qxf3 29. Be5+ Rxe5 30. Qxf3 Rxe1+ 31. Kf2
R1e6 32. Qh5 Rf8+ 33. Kg1 Bf5 34. Rf1 Bd3 35. Rxf8+ Bxf8
36. Qxd5 Re1+ 37. Kf2 Re2+ 38. Kf3 Bxh6 39. Qh5 Kg7 40. d5
Re3+ 41. Kf2 Re7 42. Qg4+ Kh7 43. d6 Rf7+ 44. Kg2 Be3 45. Qh5+
Kg8 46. Qg4+ Kh7 47. Qh5+ Kg8 48. Qg4+ 1/2-1/2

[Event "Gibraltar Chess Festival"]
[Site "Gibraltar ENG"]
[Date "2008.01.24"]
[EventDate "2008.01.22"]
[Round "3"]
[Result "1/2-1/2"]
[White "Wang Yue"]
[Black "Shen Yang"]
[WhiteElo "2698"]
[BlackElo "2429"]
[PlyCount "125"]

1. Nf3 d5 2. c4 c6 3. e3 Nf6 4. Nc3 Nbd7 5. b4 e5 6. cxd5 cxd5
7. Qb3 e4 8. Nd4 Ne5 9. Ba3 Be7 10. b5 Be6 11. f4 exf3
12. gxf3 Rc8 13. Be2 O-O 14. h4 Nc4 15. Bxe7 Qxe7 16. Bxc4
dxc4 17. Qc2 Rfd8 18. Kf2 Nd7 19. Nce2 Nc5 20. Rag1 Qf6
21. Rg3 Kh8 22. Kg2 Nd3 23. Qc3 Rc5 24. h5 h6 25. Nxe6 fxe6
26. Qxf6 gxf6 27. Nc3 Rg8 28. f4 Rcc8 29. Ne4 f5 30. Nd6 Rc5
31. Rhh3 b6 32. Rg6 Rd5 33. Nxc4 Rxg6+ 34. hxg6 Kg7 35. a4 Nb2
36. Ne5 Rxd2+ 37. Kf3 Nxa4 38. e4 Nc3 39. exf5 exf5 40. Rh5
Nxb5 41. Ke3 Rb2 42. Rxf5 Rb3+ 43. Kd2 Nd6 44. Rh5 a5 45. Rh1
a4 46. Rd1 a3 47. Kc2 Rb2+ 48. Kc1 Rb5 49. Rxd6 a2 50. Rd7+
Kf6 51. Rf7+ Ke6 52. Ra7 Rb1+ 53. Kd2 a1=Q 54. Rxa1 Rxa1
55. Ng4 h5 56. f5+ Kxf5 57. g7 Ra8 58. Nh6+ Kf4 59. g8=Q Rxg8
60. Nxg8 Kf3 61. Ke1 Kg2 62. Ne7 h4 63. Ng6 1/2-1/2

[Event "Gibraltar Chess Festival"]
[Site "Gibraltar ENG"]
[Date "2008.01.25"]
[EventDate "2008.01.22"]
[Round "4"]
[Result "1-0"]
[White "Shen Yang"]
[Black "Michael Waters"]
[WhiteElo "2429"]
[BlackElo "2102"]
[PlyCount "73"]

1. d4 d5 2. c4 e6 3. Nc3 Nf6 4. Nf3 Bb4 5. cxd5 exd5 6. Bg5 c6
7. e3 h6 8. Bh4 g5 9. Bg3 Ne4 10. Rc1 Qa5 11. Qb3 Bf5 12. a3
Bxc3+ 13. bxc3 Qb6 14. Qb4 Nd7 15. a4 f6 16. Be2 h5 17. Nd2 h4
18. Bd6 Qxb4 19. Bxb4 a5 20. Ba3 Nb6 21. Nb1 O-O-O 22. c4 dxc4
23. f3 Nd6 24. e4 Be6 25. Nc3 Rhe8 26. Kf2 Kc7 27. Rhd1 Nbc8
28. d5 Bf7 29. dxc6 Kxc6 30. Nd5 Bxd5 31. Rxd5 b6 32. Bxc4 Kb7
33. Ba2 Re5 34. Bb2 Rxd5 35. Bxd5+ Ka6 36. Bxf6 Rf8 37. e5 1-0

[Event "Gibraltar Chess Festival"]
[Site "Gibraltar ENG"]
[Date "2008.01.26"]
[EventDate "2008.01.22"]
[Round "5"]
[Result "1-0"]
[White "Simen Agdestein"]
[Black "Shen Yang"]
[WhiteElo "2589"]
[BlackElo "2429"]
[PlyCount "115"]

1. d4 d5 2. Bg5 f6 3. Bf4 Nc6 4. Nf3 Bg4 5. c3 e6 6. Qb3 Rb8
7. Nbd2 Bd6 8. Bg3 Nge7 9. e3 O-O 10. c4 Kh8 11. Be2 Na5
12. Qc3 Nxc4 13. Nxc4 dxc4 14. Qxc4 Nf5 15. Bxd6 cxd6 16. d5
Bxf3 17. Bxf3 e5 18. Bg4 Nh4 19. g3 f5 20. Be2 Ng6 21. O-O Rc8
22. Qb3 Qc7 23. f4 Rfe8 24. Rf2 Qc5 25. Kg2 a6 26. Rd1 b5
27. Bh5 Rc7 28. Qd3 e4 29. Qd2 Rec8 30. Bxg6 hxg6 31. h4 Kg8
32. g4 Qb6 33. Qe2 Rc2 34. Rd2 Rxd2 35. Qxd2 Rc5 36. gxf5 gxf5
37. b4 Rc4 38. Kh3 Qd8 39. Qb2 Qf6 40. Qxf6 gxf6 41. Rg2+ Kh7
42. h5 Rc3 43. Rg6 Rxe3+ 44. Kh4 Re1 45. Rxf6 e3 46. Kg3 Rf1
47. Re6 Rd1 48. Rxe3 Rxd5 49. Kh4 Rd4 50. Re7+ Kg8 51. Kg5
Rxb4 52. Kg6 Re4 53. Rg7+ Kf8 54. Rf7+ Kg8 55. Ra7 Kf8
56. Ra8+ Ke7 57. Kxf5 Re2 58. h6 1-0

[Event "Gibraltar Chess Festival"]
[Site "Gibraltar ENG"]
[Date "2008.01.28"]
[EventDate "2008.01.22"]
[Round "7"]
[Result "1-0"]
[White "Varuzhan Akobian"]
[Black "Shen Yang"]
[WhiteElo "2599"]
[BlackElo "2429"]
[PlyCount "79"]

1. d4 d5 2. Nf3 Nf6 3. c4 c6 4. Nc3 dxc4 5. a4 e6 6. g3 c5
7. Bg5 cxd4 8. Qxd4 Qxd4 9. Nxd4 Na6 10. Bg2 h6 11. Bf4 Bb4
12. O-O Ke7 13. Ndb5 g5 14. Be5 Rd8 15. Rfd1 Rxd1+ 16. Rxd1
Ne8 17. Bd4 Bc5 18. e3 f6 19. f4 Rb8 20. Nxa7 Bd7 21. Nab5
gxf4 22. gxf4 Bc6 23. Bf1 Ng7 24. Bxc4 Nf5 25. Kf2 Rg8 26. Bf1
Nxd4 27. Nxd4 Nb4 28. Nxc6+ bxc6 29. Ne4 Bb6 30. Rd7+ Kxd7
31. Nxf6+ Kd6 32. Nxg8 Nd5 33. Kf3 Bxe3 34. Bc4 Bd4 35. Bxd5
exd5 36. Nxh6 Bxb2 37. Nf7+ Ke6 38. Ne5 c5 39. a5 Kd6 40. h4
1-0

[Event "Gibraltar Chess Festival"]
[Site "Gibraltar ENG"]
[Date "2008.01.29"]
[EventDate "2008.01.22"]
[Round "8"]
[Result "1-0"]
[White "Shen Yang"]
[Black "Rafael Rodriguez Lopez"]
[WhiteElo "2429"]
[BlackElo "2285"]
[PlyCount "57"]

1. e4 c5 2. Nf3 d6 3. d4 Nf6 4. Nc3 cxd4 5. Nxd4 a6 6. Be2 e6
7. O-O Be7 8. f4 Qc7 9. Kh1 O-O 10. a4 b6 11. Bf3 Bb7 12. e5
dxe5 13. fxe5 Nfd7 14. Bxb7 Qxb7 15. Bf4 Nc6 16. Qf3 Rfc8
17. Rad1 Ra7 18. Qh5 Nxd4 19. Rxd4 Bc5 20. Rd3 Nf8 21. Qg4 Qc6
22. Rg3 Ng6 23. h4 Bf8 24. h5 Nxf4 25. Qxf4 Qc4 26. Ne4 Qxc2
27. b3 h6 28. Nf6+ Kh8 29. Qxh6+ 1-0

[Event "Gibraltar Chess Festival"]
[Site "Gibraltar ENG"]
[Date "2008.01.30"]
[EventDate "2008.01.22"]
[Round "9.15"]
[Result "1-0"]
[White "Alexander Beliavsky"]
[Black "Shen Yang"]
[WhiteElo "2638"]
[BlackElo "2429"]
[PlyCount "105"]

1. d4 d5 2. c4 c6 3. Nf3 Nf6 4. e3 e6 5. Bd3 dxc4 6. Bxc4 c5
7. O-O a6 8. a4 Nc6 9. Qe2 Be7 10. dxc5 O-O 11. e4 Qa5
12. Nbd2 Qxc5 13. e5 Nd7 14. Nb3 Qb6 15. Qe4 Re8 16. h4 Nb4
17. Qg4 Qc7 18. Bh6 Bf8 19. Rae1 f5 20. exf6 Nxf6 21. Qf4 Bd6
22. Qg5 Kh8 23. Rd1 Bf8 24. Rd4 Nc6 25. Rf4 Ng8 26. Qh5 g6
27. Rxf8 Rxf8 28. Qg5 Nxh6 29. Qxh6 Qg7 30. Qe3 Qf6 31. Nc5
Qxb2 32. Rd1 Qf6 33. Ng5 Ne5 34. Be2 b5 35. Nge4 Qxh4 36. Qd4
Rf5 37. g3 Qe7 38. g4 Qg7 39. gxf5 gxf5+ 40. Ng3 Nf7 41. Qh4
bxa4 42. Kf1 h6 43. Nh5 Qg5 44. Qxa4 Qe7 45. Qc6 Rb8 46. Nf4
Ne5 47. Qd6 Qxd6 48. Rxd6 Nf7 49. Rc6 a5 50. Rc7 Ne5 51. Nh5
Kg8 52. Nf6+ Kf8 53. f4 1-0

[Event "Gibraltar Chess Festival"]
[Site "Gibraltar ENG"]
[Date "2008.01.31"]
[EventDate "2008.01.22"]
[Round "10.33"]
[Result "0-1"]
[White "Shen Yang"]
[Black "Horst Vonthron"]
[WhiteElo "2429"]
[BlackElo "2308"]
[PlyCount "106"]

1. d4 Nf6 2. c4 g6 3. Nc3 Bg7 4. e4 d6 5. Nf3 O-O 6. Be2 e5
7. O-O Nc6 8. d5 Ne7 9. Nd2 Nd7 10. b4 a5 11. bxa5 Rxa5 12. a4
f5 13. Ba3 b6 14. Bb4 Ra6 15. a5 Nc5 16. axb6 cxb6 17. Rxa6
Nxa6 18. Ba3 Bh6 19. Nb3 Rf6 20. Bb2 Rf7 21. Qa1 Kf8 22. Rb1
Ng8 23. exf5 gxf5 24. Nb5 Nf6 25. Nxd6 Qxd6 26. Bxe5 Qe7
27. Nd4 Ng4 28. Nc6 Qh4 29. Bg3 Qf6 30. Bd6+ Kg7 31. Nd4 Kg8
32. Rxb6 Bg7 33. c5 Qxd4 34. Qxd4 Bxd4 35. Bxa6 Bxa6 36. Rxa6
Rb7 37. Ra8+ Kg7 38. Kf1 Rb2 39. Ra3 Rxf2+ 40. Ke1 Rxg2 41. c6
Rc2 42. Rd3 Be5 43. Bb4 Rc4 44. Ba5 Bd6 45. h3 Nf6 46. Bb6 Kf7
47. Ke2 f4 48. Kf3 Kg6 49. c7 Kf5 50. Rd4 Rc3+ 51. Ke2 Bxc7
52. Bxc7 Rxc7 53. d6 Ra7 0-1

[Event "TCh-CHN w A"]
[Site "WEN ZHOU"]
[Date "2008.03.26"]
[EventDate "2008.03.26"]
[Round "1"]
[Result "1/2-1/2"]
[White "Shen Yang"]
[Black "Zhang Jilin"]
[WhiteElo "2439"]
[BlackElo "2361"]
[PlyCount "71"]

1. d4 Nf6 2. Nf3 g6 3. c4 Bg7 4. Nc3 d5 5. cxd5 Nxd5 6. e4
Nxc3 7. bxc3 c5 8. Rb1 O-O 9. Be2 cxd4 10. cxd4 Qa5+ 11. Bd2
Qxa2 12. O-O Bg4 13. Be3 Nc6 14. Rxb7 Rab8 15. Rxb8 Rxb8
16. h3 Bxf3 17. Bxf3 Rd8 18. d5 Ne5 19. Qc1 a5 20. Qc7 Re8
21. Bd1 Qc4 22. Qxa5 Qxe4 23. Be2 Nc4 24. Qa4 Nd6 25. Qa2 Bd4
26. Bf3 Qe5 27. Bd2 Ne4 28. Bxe4 Qxe4 29. Re1 Qh4 30. Be3 Bxe3
31. Rxe3 Qd4 32. g3 Qc5 33. Ra3 Qc8 34. Kg2 Rd8 35. Ra7 Qf5
36. Rxe7 1/2-1/2

[Event "Women's World Championship"]
[Site "Nalchik RUS"]
[Date "2008.08.29"]
[EventDate "2008.08.29"]
[Round "1.1"]
[Result "1/2-1/2"]
[White "Ketino Kachiani-Gersinska"]
[Black "Shen Yang"]
[WhiteElo "2374"]
[BlackElo "2445"]
[PlyCount "115"]

1. c4 e5 2. Nc3 Nf6 3. Nf3 Nc6 4. g3 d5 5. cxd5 Nxd5 6. Bg2
Nb6 7. O-O Be7 8. a3 O-O 9. b4 Be6 10. Rb1 f6 11. d3 a5 12. b5
Nd4 13. Nd2 Qc8 14. e3 Nf5 15. Qc2 Rd8 16. Bb2 Rb8 17. Rfd1
Kh8 18. Ne2 Qd7 19. e4 Nd6 20. a4 c6 21. bxc6 Qxc6 22. Qxc6
bxc6 23. Bc3 Nxa4 24. Bxa5 Rxb1 25. Nxb1 Ra8 26. Bb4 c5
27. Be1 Nb5 28. Nbc3 Nb2 29. Rd2 Nxc3 30. Nxc3 Rb8 31. Nd5 Bd8
32. Bf1 Rb3 33. Kg2 Kg8 34. h3 Kf7 35. Rc2 Nxd3 36. Bxd3 Rxd3
37. Rxc5 Rd4 38. Nc3 g5 39. Rc6 Ba5 40. Ra6 Bb4 41. Ra7+ Kg6
42. Ra6 Bd7 43. Ra1 h5 44. Nd5 Bxe1 45. Rxe1 g4 46. hxg4 hxg4
47. Rb1 Rxe4 48. Rb6 Rc4 49. Rxf6+ Kg5 50. Rd6 Bc6 51. Kf1 Bb5
52. Ke1 Rd4 53. Nc3 Bc4 54. Rxd4 exd4 55. Ne4+ Kg6 56. Nd2 Bd5
57. Ke2 Kf5 58. f3 1/2-1/2

[Event "Women's World Championship"]
[Site "Nalchik RUS"]
[Date "2008.08.30"]
[EventDate "2008.08.29"]
[Round "1"]
[Result "1-0"]
[White "Shen Yang"]
[Black "Ketino Kachiani-Gersinska"]
[WhiteElo "2445"]
[BlackElo "2374"]
[PlyCount "93"]

1. d4 d5 2. c4 e6 3. Nc3 c6 4. e3 Nf6 5. Nf3 a6 6. Qc2 c5
7. cxd5 exd5 8. Be2 Be6 9. O-O Nc6 10. dxc5 Bxc5 11. Rd1 Bd6
12. e4 d4 13. Bg5 dxc3 14. e5 Nxe5 15. Nxe5 O-O 16. bxc3 Qc7
17. Nf3 Nd5 18. c4 Nf4 19. Bf1 Ng6 20. Rab1 Bg4 21. Qe4 Bxf3
22. Qxf3 Bxh2+ 23. Kh1 Bf4 24. Rxb7 Qe5 25. Bxf4 Qxf4 26. Qxf4
Nxf4 27. c5 Rac8 28. Rc1 Rc6 29. Rb6 Rfc8 30. Rxa6 Ne6
31. Rxc6 Rxc6 32. a4 Nxc5 33. a5 g5 34. Bb5 Rc7 35. Rc4 Kf8
36. a6 Ke7 37. a7 Rxa7 38. Rxc5 h6 39. Kh2 Ra5 40. Kg3 f6
41. Kg4 Ra2 42. Rf5 Rb2 43. Kh5 Kf7 44. Kxh6 Rb4 45. Be2 Rh4+
46. Bh5+ Ke6 47. g4 1-0

[Event "Women's World Championship"]
[Site "Nalchik RUS"]
[Date "2008.09.01"]
[EventDate "2008.08.29"]
[Round "2.1"]
[Result "1-0"]
[White "Shen Yang"]
[Black "Zhao Xue"]
[WhiteElo "2445"]
[BlackElo "2522"]
[PlyCount "73"]

1. d4 Nf6 2. c4 e6 3. Nc3 Bb4 4. Qc2 O-O 5. a3 Bxc3+ 6. Qxc3
b6 7. Bg5 c5 8. dxc5 bxc5 9. f3 Nc6 10. e3 Rb8 11. Nh3 h6
12. Bf4 d6 13. Rd1 e5 14. Bg3 Qe7 15. Nf2 Be6 16. Bd3 Rb6
17. O-O Nh5 18. Bc2 f5 19. Nd3 Qf7 20. b3 Rfb8 21. Bf2 Nf6
22. Nb2 Qc7 23. Qd2 Rd8 24. Na4 Rbb8 25. Nc3 a6 26. Nd5 Qf7
27. Be1 Rd7 28. Qd3 Ne7 29. e4 fxe4 30. fxe4 Nexd5 31. exd5
Bg4 32. Rd2 Rf8 33. Rdf2 Re7 34. Qg3 Qh5 35. h3 Bd1 36. Bxd1
Qxd1 37. Rxf6 1-0

[Event "Women's World Championship"]
[Site "Nalchik RUS"]
[Date "2008.09.01"]
[EventDate "2008.08.29"]
[Round "2.2"]
[Result "1/2-1/2"]
[White "Zhao Xue"]
[Black "Shen Yang"]
[WhiteElo "2522"]
[BlackElo "2445"]
[PlyCount "80"]

1. d4 d5 2. c4 c6 3. Nc3 Nf6 4. Nf3 dxc4 5. a4 e6 6. e3 c5
7. Bxc4 Nc6 8. O-O Be7 9. Qe2 cxd4 10. Rd1 O-O 11. Nxd4 Nxd4
12. exd4 Nd5 13. Qe4 Nf6 14. Qf3 Qc7 15. b3 Bd7 16. Bf4 Qc8
17. Be5 Bc6 18. Qg3 g6 19. Rd3 Qd8 20. Qh3 Re8 21. Nb5 Nd5
22. Bxd5 Bxb5 23. Bxb7 Bxd3 24. Qxd3 Rb8 25. Bc6 Rf8 26. Bxb8
Qxb8 27. d5 Qe5 28. Rd1 exd5 29. Qe3 Qxe3 30. fxe3 Bc5 31. Kf2
Rd8 32. Bxd5 Kg7 33. Ke2 f5 34. e4 fxe4 35. Bxe4 Rxd1 36. Kxd1
a5 37. Ke2 g5 38. Kd3 h6 39. Kc4 Bb4 40. Kd5 Bc3 1/2-1/2

[Event "Women's World Championship"]
[Site "Nalchik RUS"]
[Date "2008.09.04"]
[EventDate "2008.08.29"]
[Round "3.1"]
[Result "1/2-1/2"]
[White "Shen Yang"]
[Black "Nadezhda Kosintseva"]
[WhiteElo "2445"]
[BlackElo "2460"]
[PlyCount "99"]

1. d4 Nf6 2. c4 e6 3. Nc3 Bb4 4. Qc2 O-O 5. a3 Bxc3+ 6. Qxc3
d6 7. Bg5 Nbd7 8. f3 e5 9. e3 Re8 10. Nh3 h6 11. Bh4 exd4
12. Qxd4 Ne5 13. Nf2 c5 14. Qc3 Qe7 15. O-O-O Bf5 16. h3 Nd5
17. Bxe7 Nxc3 18. bxc3 Rxe7 19. Rxd6 Be6 20. f4 Nc6 21. Ne4
Bxc4 22. Bxc4 Rxe4 23. Bd5 Rxe3 24. Rd7 Rf8 25. Kd2 Re7
26. Rxe7 Nxe7 27. Bxb7 Rb8 28. Bf3 Nf5 29. Kc2 Kf8 30. Re1 f6
31. Bh5 Ne7 32. Kd3 Nd5 33. g3 Nb6 34. Re6 Rd8+ 35. Ke4 Nd5
36. Rc6 Nxc3+ 37. Kf5 Nd5 38. Ke6 Ne7 39. Rxc5 g6 40. Rc7 Re8
41. Bxg6 Nxg6+ 42. Kxf6 Ne7 43. Rxa7 Nd5+ 44. Kg6 Re3 45. g4
Nxf4+ 46. Kxh6 Nxh3 47. a4 Ke8 48. a5 Kd8 49. Rf7 Kc8 50. Kh5
1/2-1/2